000 01358nam0a2200337 4500
001 RU\NLR\BIBL_A\022548514
005 20251106162240.0
010 _a978-5-91076-306-1
_9500
021 _aRU
_bКН-П-25-019077
_9КН-П-25-1937
035 _a(NLR Aleph) 022548514
090 _a13673116
_c13673116
100 _a20250523d2025 km y0rusy50 ca
101 0 _arus
102 _aRU
105 _aabchz 000zb
181 0 _ai3
_baxxe
182 0 _an
200 1 _aИван Иванович Бахтин - крупный чиновник и пиит
_fНина Аверина
203 _aТекст
_bвизуальный
_cнепосредственный
210 _aСанкт-Петербург
_cМаматов
_d2025
215 _a190, [1] с.
_cил. , карт., портр., факс.
_d20
320 _aБиблиогр.: с. 172-189
600 1 _aБахтин
_bИ. И.
_gИван Иванович
_f1754 - 1818
_2nlr_sh2
_3RU\NLR\AUTH\6601761211
686 1 _aШ5(2=Р)4-4Бахтин
686 1 _aТ3(2)47-8
700 1 _aАверина
_bН. Ф.
_f1935-
_gНина Федоровна
_3RU\NLR\AUTH\770127265
702 1 _aБахтин
_bИ. И.
_f1754-1818
_gИван Иванович
_3RU\NLR\AUTH\770232386
_4570
942 _cBOOK
980 _aNB